000 00428nam a2200133 a 4500
001 000043845
005 20201002045012.0
008 140507s2008 sp 000 0 spa d
040 _aDO-SdBNP
_bspa
_cBNPHU
100 1 _aGarcía Pintado, Ángel
_971706
245 1 0 _aCrónica del abismo :
_b(poema inacabado) /
_cÁngel García Pintado.
260 _a[Murcia, España] :
_bContraste publicaciones,
_c2008.
300 _a94 p. ;
_c20 cm.
999 _c43334
_d43334